| 000 | 00706nam a2200241 a 4500 | ||
|---|---|---|---|
| 001 | 51223 | ||
| 003 | BD-RjUL | ||
| 005 | 20211209075628.0 | ||
| 008 | 300816s1985 enka b 001 0 eng d | ||
| 020 | _a0563201924 | ||
| 035 | _a(BD-RjUL)51343 | ||
| 040 |
_aPUL _cPUL _dBD-RjUL _beng |
||
| 041 | _aeng | ||
| 082 |
_a509 _bBUD 1985 _223 |
||
| 100 | 1 |
_aBurke, James _9153247 |
|
| 245 | 1 | 4 |
_aThe day the universe changed / _cJames Burke. |
| 260 |
_aLondon : _bBritish Broadcasting Corporation, _c1985. |
||
| 300 |
_a352 p. : _bill. ; _c27 cm. |
||
| 504 | _aIncludes Bibliography and index. | ||
| 650 | 0 |
_aScience _xHistory _9153248 |
|
| 650 | 0 |
_aTechnology _xHistory _xPopular works. _9153249 |
|
| 942 |
_2ddc _cBK |
||
| 999 |
_c51223 _d51223 |
||